000 00463nam a2200145Ia 4500
008 211109s9999||||xx |||||||||||||| ||und||
082 _a894.812
_bURO-K
100 _aUroob,
245 0 _aKunjammayum Koottukarum
260 _bK r Brothers
_aKozhikode
_c1955
300 _a156p
630 _xGeneral Stack
650 _aLiterature & rhetoric
_vLiteratures of other languagesAltaic, Uralic, Hyperborean & Dravidianmalayalam literature
_xMalayalam
942 _cBOOK
999 _c19932
_d19932